De morbi articularii curatione tractatus quatuor / (Record no. 153576)

MARC details
000 -LEADER
campo de control de longitud fija 01079nam a2200241 i 4500
001 - NÚMERO DE CONTROL
campo de control 153576
003 - IDENTIFICADOR DE NÚMERO DE CONTROL
campo de control ES-MaACL
005 - FECHA Y HORA DE LA ÚLTIMA TRANSACCIÓN
campo de control 20250902063107.0
008 - DATOS DE LONGITUD FIJA--INFORMACIÓN GENERAL
campo de control de longitud fija 040727s1565 be |||| | lat d
040 ## - FUENTE DE CATALOGACIÓN
Centro catalogador/agencia de origen CAM
Lengua de catalogación spa
Centro/agencia transcriptor CAM
100 1# - ENTRADA PRINCIPAL--NOMBRE DE PERSONA
Nombre de persona Dubois, Jean,
Fechas asociadas al nombre -1576
9 (RLIN) 150946
245 10 - MENCIÓN DEL TÍTULO
Título De morbi articularii curatione tractatus quatuor /
Mención de responsabilidad, etc. Ioanne Syluio Insulensi, medicinam Valentianis facienti, auctore ; eiusdem De morbo gallico declamatio Louanij in disputationibus solennibus [sic] habita...
260 ## - PUBLICACIÓN, DISTRIBUCIÓN, ETC.
Lugar de publicación, distribución, etc. Antuerpiae :
Nombre del editor, distribuidor, etc. apud Gulielmum Silvium...,
Fecha de publicación, distribución, etc. 1565 (
Fabricante excudebat Antuerpiae Christophorus Plantinus)
300 ## - DESCRIPCIÓN FÍSICA
Extensión 102, [2] p. ;
Dimensiones 17 cm.
596 ## - NOTA AL PIE DE IMPRENTA
NOTA AL PIE DE IMPRENTA Marca tipográfica en portada (Angel con guadaña y la leyenda Scrutamini)
596 ## - NOTA AL PIE DE IMPRENTA
NOTA AL PIE DE IMPRENTA Dato de imp. consta en colofón.
597 ## - NOTA DE DESCRIPCIÓN FÍSICA
NOTA DE DESCRIPCIÓN FÍSICA Sign.: A-F8, G4.
650 #4 - PUNTO DE ACCESO ADICIONAL DE MATERIA--TÉRMINO DE MATERIA
Término de materia o nombre geográfico como elemento de entrada Peste-
Subdivisión de forma Obras anteriores a 1800.
9 (RLIN) 150947
650 04 - PUNTO DE ACCESO ADICIONAL DE MATERIA--TÉRMINO DE MATERIA
Término de materia o nombre geográfico como elemento de entrada Medicina-
Subdivisión de forma Obras anteriores a 1800
9 (RLIN) 14912
650 04 - PUNTO DE ACCESO ADICIONAL DE MATERIA--TÉRMINO DE MATERIA
Término de materia o nombre geográfico como elemento de entrada Sífilis.
9 (RLIN) 17092
852 ## - LOCALIZACIÓN
Ubicación ES-MaACL
Número de control de estantería R-3136
Encuadernación Olim:T-211-F-11
Nota libre -- Enc. perg. moderna
Holdings
Estatus retirado Estado de pérdida Estado de daño No para préstamo Colección Biblioteca de origen Biblioteca actual Ubicación en estantería Fecha de adquisición Total de préstamos Signatura topográfica completa Código de barras Visto por última vez Precio de reemplazo Tipo de ítem Koha
        Libros del s. XVI Biblioteca del Ateneo de Madrid Biblioteca del Ateneo de Madrid Depósito 17/01/2008   R-3136 1160542 23/02/2023 23/02/2023 Libro impreso antiguo